Communes de la République du Valais (CH) - Statistiques

Statistiques générales
  • Ce quiz a été pris 88 fois
  • Le résultat moyen est 44 sur 126
Statistiques - réponses
District ou Demi-District Nombre d'habitant (2018) Communes % Correct
Sion 34 708 Sion
95%
Monthey 17 785 Monthey
92%
Sierre 16 801 Sierre
92%
Martigny 18 309 Martigny
91%
Conthey 8 797 Conthey
78%
Viège 7 950 Viège
77%
Saint-Maurice 4 572 Saint-Maurice
72%
Loèche 3 949 Loèche
66%
Martigny 8 763 Fully
64%
Entremont 8 096 Bagnes
58%
Rarogne-Occidental 1 945 Rarogne
58%
Conthey 3 217 Ardon
56%
Martigny 2 620 Saillon
53%
Sion 7 716 Savièse
53%
Martigny 5 902 Saxon
53%
Conthey 3 897 Chamoson
52%
Sierre 10 449 Crans-Montana
52%
Conthey 6 623 Nendaz
50%
Entremont 3 187 Orsières
50%
Hérens 1 685 Evolène
48%
Sierre 1 617 Chippis
47%
Sierre 4 198 Lens
47%
Brigue 10 075 Naters
47%
Saint-Maurice 1 885 Vernayaz
47%
Sierre 3 525 Chalais
45%
Monthey 9 256 Collombey-Muraz
45%
Monthey 4 108 Port-Valais
45%
Sierre 2 446 Saint-Léonard
45%
Conthey 6 372 Vétroz
45%
Sion 604 Veysonnaz
45%
Martigny 3 205 Leytron
44%
Martigny 2 315 Martigny-Combe
44%
Martigny 3 133 Riddes
44%
Entremont 1 042 Sembrancher
44%
Monthey 2 728 Vionnaz
44%
Viège 5 758 Zermatt
44%
Saint-Maurice 1 265 Evionnaz
42%
Saint-Maurice 379 Finhaut
42%
Hérens 1 392 Hérémence
42%
Loèche 1 368 Loèche-les-Bains
42%
Monthey 982 Saint-Gingolph
42%
Hérens 1 811 Vex
42%
Sierre 2 732 Anniviers
41%
Martigny 161 Trient
41%
Monthey 4 199 Vouvry
41%
Hérens 4 058 Ayent
39%
Martigny 894 Bovernier
39%
Monthey 1 336 Champéry
39%
Martigny 832 Isérables
39%
Monthey 4 684 Troistorrents
39%
Sion 1 280 Arbaz
38%
Sierre 2 414 Grône
38%
Sierre 581 Icogne
38%
Viège 1 564 Saas-Fee
38%
Entremont 198 Bourg-Saint-Pierre
36%
Brigue 13 058 Brigue-Glis
36%
Saint-Maurice 969 Dorénaz
36%
Saint-Maurice 1 395 Salvan
36%
Sion 3 445 Grimisuat
34%
Entremont 720 Liddes
34%
Saint-Maurice 1 788 Massongex
34%
Sierre 1 350 Miège
34%
Hérens 825 Saint-Martin
34%
Martigny 1 849 Charrat
33%
Saint-Maurice 798 Collonges
33%
Loèche 1 548 Salquenen
33%
Hérens 1 091 Mont-Noble
31%
Monthey 1 961 Val-d'Illiez
31%
Saint-Maurice 770 Vérossaz
31%
Viège 1 000 Saas-Grund
30%
Conches 921 Fiesch
28%
Conches 1 216 Goms
28%
Sierre 1 283 Venthône
28%
Viège 370 Saas-Almagell
27%
Brigue 305 Simplon
27%
Sierre 1 834 Veyras
27%
Conches 664 Obergoms
25%
Brigue 2 115 Ried-Brig
25%
Viège 2 239 Saint-Nicolas
25%
Viège 1 345 Visperterminen
25%
Rarogne Oriental 974 Bitsch
23%
Viège 1 086 Stalden
23%
Brigue 946 Termen
23%
Conches 378 Bellwald
22%
Rarogne Oriental 462 Bettmeralp
22%
Conches 142 Binn
22%
Viège 1 322 Täsch
22%
Conches 318 Fieschertal
20%
Viège 649 Lalden
20%
Conches 309 Lax
20%
Rarogne Oriental 680 Mörel-Filet
20%
Viège 435 Randa
20%
Rarogne Oriental 452 Riederalp
20%
Rarogne-Occidental 626 Ausserberg
19%
Viège 1 328 Baltschieder
19%
Rarogne Oriental 33 Bister
19%
Entremont 2 018 Vollèges
19%
Rarogne-Occidental 565 Wiler
19%
Brigue 77 Zwischbergen
19%
Rarogne-Occidental 730 Bürchen
17%
Brigue 335 Eggerberg
17%
Conches 492 Ernen
17%
Viège 1 251 Grächen
17%
Rarogne Oriental 424 Grengiols
17%
Loèche 106 Inden
17%
Rarogne-Occidental 325 Kippel
17%
Rarogne-Occidental 710 Niedergesteln
17%
Viège 347 Saas-Balen
17%
Viège 537 Staldenried
17%
Loèche 642 Varonne
17%
Loèche 718 Agarn
16%
Loèche 238 Arbignon
16%
Rarogne-Occidental 290 Blatten
16%
Rarogne-Occidental 444 Eischoll
16%
Rarogne-Occidental 253 Ferden
16%
Loèche 414 Guttet-Feschel
16%
Loèche 122 Oberems
16%
Viège 481 Törbel
16%
Rarogne-Occidental 436 Unterbäch
16%
Viège 293 Zeneggen
16%
Viège 204 Eisten
14%
Viège 295 Embd
14%
Loèche 184 Ergisch
14%
Rarogne-Occidental 1 591 Steg-Hohtenn
14%
Loèche 1 955 Gampel-Bratsch
11%
Loèche 1 111 Turtmann-Unterems
11%
Aucun quiz correspondant
Distribution des résultats
% des personnes avec chaque résultat
Percentile par nombre de réponses
Votre historique - résultats
Vous n’avez pas pris ce quiz